000 00752nam a2200121Ia 4500
008 220615s9999||||xx |||||||||||||| ||und||
245 0 _aTwentieth-Century Russian Poetry
_bReinventing the Canon
546 _aEnglish[eng]
650 _arussia||twentieth-century||brodskii||mandel′shtam||literary canon||soviet union||poetry||akhmatova||Anna Akhmatova||Marina Tsvetaeva||Moscow
700 _aSmith, Alexandra||Shelton, Joanne||Hodgson, Katharine
856 _uhttps://library.oapen.org/bitstream/20.500.12657/31225/1/633874.pdf||https://library.oapen.org/bitstream/20.500.12657/31225/1/633874.pdf||https://library.oapen.org/bitstream/20.500.12657/31225/1/633874.pdf||https://library.oapen.org/bitstream/20.500.12657/31225/1/633874.pdf
942 _cEB
999 _c15777
_d15777